Every Class 2 Arkansas Senator - Statistics

General Stats
  • This quiz has been taken 21 times
  • The average score is 6 of 19
Answer Stats
Picture Hint Answer % Correct
R(2015-) Tom Cotton
100%
D(1979-1997) David H. Pryor
67%
D(1907-1913) Jeff Davis
67%
D(2003-2015) Mark Pryor
67%
R(1997-2003) Tim Hutchinson
67%
D(1937-1941) John E. Miller
33%
D(1913-1937) Joseph T. Robinson
33%
R(1868-1871) Alexander McDonald
17%
D(1877-1885) Augustus H. Garland
17%
D(1844-1848) Chester Ashley
17%
D(1941-1943) G. Lloyd Spencer
17%
D(1885-1907) James H. Berry
17%
D(1943-1977) John L. McClellan
17%
D(1913-1913) John N. Heiskell
17%
D(1977-1979) Kaneaster Hodges Jr.
17%
R(1871-1877) Powell Clayton
17%
D(1848-1868) William K. Sebastian
17%
D(1913-1913) William M. Kavanaugh
17%
D(1836-1844) William S. Fulton
17%
No matching quizzes found
Score Distribution
Percent of People with Each Score
Percentile by Number Answered
Your Score History
You have not taken this quiz